000 00574cam a22002173a 4500
001 35190
003 PGUSA
005 20140828083746.0
008 110209s2011||||xxu|||||s|||||000 | eng d
040 _aPGUSA
_beng
042 _adc
100 1 _aUnknown
245 1 0 _aTorrent of Portyngale
_h[electronic resource] /
_cUnknown
260 _bProject Gutenberg,
_c2011
506 _aPublic domain in the USA.
516 _aElectronic text
700 1 _aAdam, Erich
830 0 _aProject Gutenberg
_v35190
856 4 0 _uhttp://www.gutenberg.org/ebooks/35190
942 _cEB
999 _c264445
_d264445